Discours académiques (Record no. 154939)

MARC details
000 -LEADER
campo de control de longitud fija 00768nam a22001695i 4500
001 - NÚMERO DE CONTROL
campo de control 154939
003 - IDENTIFICADOR DE NÚMERO DE CONTROL
campo de control ES-MaACL
005 - FECHA Y HORA DE LA ÚLTIMA TRANSACCIÓN
campo de control 20250726063036.0
008 - DATOS DE LONGITUD FIJA--INFORMACIÓN GENERAL
campo de control de longitud fija 040715s1861 fr |||| | fre d
040 ## - FUENTE DE CATALOGACIÓN
Centro catalogador/agencia de origen CAM
Lengua de catalogación spa
Centro/agencia transcriptor CAM
100 1# - ENTRADA PRINCIPAL--NOMBRE DE PERSONA
Nombre de persona Guizot, François,
Fechas asociadas al nombre 1787-1874
9 (RLIN) 127641
245 10 - MENCIÓN DEL TÍTULO
Título Discours académiques
Resto del título : suivis des discours prononcés pour la distribution des prix au concours général de l'université et devant diverses sociétés religieuses et de trois essais de philosohie littéraire et politique /
Mención de responsabilidad, etc. par M. Guizot.
260 ## - PUBLICACIÓN, DISTRIBUCIÓN, ETC.
Lugar de publicación, distribución, etc. Paris :
Nombre del editor, distribuidor, etc. Didier et c\pe\s libraires-éditeurs,
Fecha de publicación, distribución, etc. 1861 (
Fabricante Imprimé chez Bonaventure et Ducessois)
300 ## - DESCRIPCIÓN FÍSICA
Extensión IV, 424 p. ;
Dimensiones 22 cm.
852 ## - LOCALIZACIÓN
Ubicación ES-MaACL
Número de control de estantería G-12573
Nota libre -- Enc. hol.
Holdings
Estatus retirado Estado de pérdida Estado de daño No para préstamo Colección Biblioteca de origen Biblioteca actual Ubicación en estantería Fecha de adquisición Fuente de adquisición Total de préstamos Signatura topográfica completa Código de barras Visto por última vez Precio de reemplazo Tipo de ítem Koha
        Libros del s. XIX Biblioteca del Ateneo de Madrid Biblioteca del Ateneo de Madrid Sala Pecera Planta 3 17/01/2008     G-12573 1162070 23/02/2023 23/02/2023 Libro impreso antiguo